000
00301nam a22001337a 4500
008
170623b xxu||||| |||| 00| 0 eng d
020
_a
9780395638453
041
_a
eng
080
_2
2ND
_a
328
100
_a
21
101
_a
SHP
245
_a
STATE AND LOCAL GOVERNMENT
_c
BOWMAN,A.M
942
_2
udc
_c
BK
999
_c
18997
_d
18997